[Event "Cutro op-B 08th"]
[Site "Cutro"]
[Date "2002.04.30"]
[Round "8"]
[White "Londino, Eugenio"]
[Black "Tomba, Patrizia"]
[Result "0-1"]
[WhiteElo "1473"]
[BlackElo "1543"]
[PlyCount "126"]
[EventDate "2002.04.24"]
[EventType "swiss"]
[EventRounds "9"]
[EventCountry "ITA"]
[SourceTitle "EXT 2024"]
[Source "ChessBase"]
[SourceDate "2023.10.10"]
[SourceVersion "1"]
[SourceVersionDate "2023.10.10"]
[SourceQuality "1"]

1. e3 e5 2. Bc4 Nf6 3. a3 d5 4. Ba2 Be7 5. d3 0-0 6. Ne2 Nc6 7. 0-0 b6 8. Ng3 Qd7 9. Nc3 d4 10. exd4 exd4 11. Nce4 Nxe4 12. Nxe4 Bb7 13. Bf4 Kh8 14. Bg3 f5 15. Nd2 f4 16. Bxf4 Rxf4 17. Ne4 Ne5 18. f3 Bxe4 19. dxe4 d3 20. c3 d2 21. Kh1 Rd8 22. Qb3 Bc5 23. Rad1 Nd3 24. g3 Rff8 25. Kg2 Ne5 26. Qd5 Qxd5 27. Bxd5 Be3 28. f4 c6 29. Bb3 Ng6 30. Bc2 b5 31. Rf3 Bb6 32. h4 h5 33. e5 Ne7 34. Be4 g6 35. Kf1 Rd7 36. Ke2 Rfd8 37. f5 gxf5 38. Bxf5 Rd5 39. g4 Rxe5+ 40. Kf1 Nxf5 41. gxf5 Rdd5 42. f6 Rf5 43. Kg2 Rxf3 44. Kxf3 Rf5+ 45. Ke4 Rxf6 46. Rxd2 Kg7 47. Rd7+ Kg6 48. b3 Bf2 49. c4 bxc4 50. bxc4 Bc5 51. a4 Rd6 52. Rc7 Bb6 53. Rc8 Re6+ 54. Kf4 Be3+ 55. Kf3 Bc5 56. a5 Bd4 57. Kf4 c5 58. Kf3 a6 59. Rb8 Kf5 60. Rg8 Rg6 61. Rf8+ Rf6 62. Rg8 Ke6+ 63. Ke4 Rh6 0-1

[Event "Cutro op-B 08th"]
[Site "Cutro"]
[Date "2002.04.29"]
[Round "6"]
[White "Levato, Biagio"]
[Black "Londino, Eugenio"]
[Result "0-1"]
[WhiteElo "1413"]
[BlackElo "1473"]
[PlyCount "98"]
[EventDate "2002.04.24"]
[EventType "swiss"]
[EventRounds "9"]
[EventCountry "ITA"]
[SourceTitle "EXT 2024"]
[Source "ChessBase"]
[SourceDate "2023.10.10"]
[SourceVersion "1"]
[SourceVersionDate "2023.10.10"]
[SourceQuality "1"]

1. d4 e6 2. c4 b6 3. Nc3 Bb7 4. e4 g6 5. Nf3 Bg7 6. Be2 Ne7 7. 0-0 0-0 8. Bf4 d6 9. e5 d5 10. Qc2 Qd7 11. a3 Re8 12. Rfe1 dxc4 13. Ne4 Nd5 14. Bg3 Ba6 15. Bxc4 Bb7 16. Bh4 Bf8 17. Rac1 Qc8 18. Bxd5 Bxd5 19. Qxc7 Qxc7 20. Rxc7 Nc6 21. Nfg5 Re7 22. Rxe7 Nxe7 23. Nd6 Nc6 24. Ngxf7 Nxd4 25. Ng5 Nf5 26. Nxf5 gxf5 27. f4 Rc8 28. Bf2 Rc7 29. Bd4 Rg7 30. Kf1 Rc7 31. Re3 Rc2 32. Nf3 b5 33. Bc3 a6 34. Kg1 Bc5 35. Nd4 Rxg2+ 36. Kf1 Rxh2 37. Rg3+ Kf7 38. Kg1 Rh4 39. Kf1 Rxf4+ 40. Ke2 Bxd4 41. Bxd4 Rxd4 42. b3 Re4+ 43. Kd3 Rxe5 44. Kd4 Re1 45. Kc5 f4 46. Rc3 f3 47. Rc2 Re2 48. Rc1 f2 49. Kb6 Re1 0-1